01683nam a22002657a 450000500170000000800410001702000180005804000070007604100080008308200210009110000300011224500610014226000260020330000260022936500530025552108210030865000160112965000150114565000160116065000240117670000320120094200120123299900190124495201540126320220420113925.0211220b ||||| |||| 00| 0 eng d a9780099587224 cAL aEng 223a233.14bGRER aStephen Greenblatt930538 aRise and Fall of Adam and EvebThe story that created us aLondonbVintagec2018 a419 p.bPBc20x13 cm. a4401b₹583.20c₹d₹729.00e20%f16-12-2021 aWhat is it about Adam and Eve's story that fascinates us? What does it tell us about how our species lives, dies, works or has sex? The mythic tale of Adam and Eve has shaped conceptions of human origins and destiny for centuries. Stemming from a few verses in an ancient book, it became not just the foundation of three major world faiths, but has evolved through art, philosophy and science to serve as the mirror in which we seem to glimpse the whole, long history of our fears and desires. In a quest that begins at the dawn of time, Stephen Greenblatt takes us from ancient Babylonia to the forests of east Africa. We meet evolutionary biologists and fossilised ancestors; we grapple with morality and marriage in Milton's Paradise Lost; and we decide if the Fall is the unvarnished truth or fictional allegory. aAdam911922 aEve911923 aEden911924 aAnthropology911926 aGREENBLATT (Stephen)911927 2ddccBK c220989d220989 00102ddc40708ENGaALbALd2021-12-18eBiblios Book Pointg583.00l1o233.14 GRERp075210r2026-01-02 13:17:23s2025-12-17v729.00w2021-12-20yBK